Valencia CF Current Squad - Statistics

General Stats
  • This quiz has been taken 24 times
    3 since last reset
  • The average score is 15 of 34
Answer Stats
# Position Nation Player Name % Correct
22 MF France Baptiste Santamaria
100%
16 FW Spain Diego López
100%
9 FW Spain Hugo Duro
100%
3 DF Spain José Copete
100%
14 DF Spain José Gayà
100%
1 GK Macedonia Stole Dimitrievski
100%
7 FW Netherlands Arnaut Danjuma
67%
5 DF Spain César Tárrega
67%
13 GK Spain Cristian Rivero
67%
20 DF Guadaloupe Dimitri Foulquier
67%
8 MF Spain Javi Guerra
67%
25 GK Spain Julen Agirrezabala
67%
- MF Spain Pablo López
67%
18 MF Spain Pepelu
67%
- MF Spain Sergi Canós
67%
12 DF Portugal Thierry Correia
67%
- Coach Spain Carlos Corberán
33%
19 FW Spain Dani Raba
33%
24 DF Switzerland Eray Cömert
33%
21 DF Spain Jesús Vázquez
33%
15 FW Argentina Lucas Beltrán
33%
11 FW Spain Luis Rioja
33%
4 DF Guinea Mouctar Diakhaby
33%
37 FW Spain Aimar Blázquez
0%
- FW Spain Alberto Marí
0%
10 MF Portugal André Almeida
0%
- DF Turkey Cenk Özkacar
0%
27 MF Spain David Otorbi
0%
23 MF Switzerland Filip Ugrinić
0%
- DF Spain Iker Córdoba
0%
36 MF Spain Javi Navarro
0%
17 FW Belgium Largie Ramazani
0%
29 MF Spain Lucas Núñez
0%
26 DF Spain Rubén Iranzo
0%
No matching quizzes found
Score Distribution
Percent of People with Each Score
Percentile by Number Answered
Your Score History
You have not taken this quiz since the last reset